You can understand the Bible by its unifying themes. (Record no. 3373)

000 -LEADER
fixed length control field 00737nam a2200217 a 4500
001 - CONTROL NUMBER
control field :::00001103$&:&@@
003 - CONTROL NUMBER IDENTIFIER
control field OkBaRHE
005 - DATE AND TIME OF LATEST TRANSACTION
control field 20100331161104.0
008 - FIXED-LENGTH DATA ELEMENTS--GENERAL INFORMATION
fixed length control field s1973 j 000 0 eng u
020 ## - INTERNATIONAL STANDARD BOOK NUMBER
International Standard Book Number 0879810114 (pbk.)
040 ## - CATALOGING SOURCE
Transcribing agency
100 1# - MAIN ENTRY--PERSONAL NAME
Personal name Baker, Nelson B.
245 10 - TITLE STATEMENT
Title You can understand the Bible by its unifying themes.
250 ## - EDITION STATEMENT
Edition statement [1st ed.]
260 ## - PUBLICATION, DISTRIBUTION, ETC. (IMPRINT)
Place of publication, distribution, etc Philadelphia, PA., :
Name of publisher, distributor, etc A. J. Holman
Date of publication, distribution, etc 1973
300 ## - PHYSICAL DESCRIPTION
Extent 143 p. ;
Dimensions 21 cm.
650 ## - SUBJECT ADDED ENTRY--TOPICAL TERM
Topical term or geographic name as entry element Bible
General subdivision Theology
942 ## - ADDED ENTRY ELEMENTS (KOHA)
Source of classification or shelving scheme
Koha item type Books
Copies
Permanent Location Source of classification or shelving scheme Not for loan Lost status Copy number Price effective from Date last seen Full call number Barcode Withdrawn status Damaged status Koha item type Date acquired Shelving location
RHEMA Bible Training College   12010-04-142018-02-16BS 543 .B33 1973 1103  Books2010-04-14General Stacks
RHEMA Bible Training College   22010-04-142018-02-16BS 543 .B33 1973 15739  Books2010-04-14General Stacks